Flagi, na których jest tylko czerwony i biały - Statystyki

Ogólne statystyki
  • Ten quiz został rozwiązany 390 razy
  • Średni wynik to 15 z 17
Statystyki odpowiedzi
Obrazkowy Odpowiedź % Poprawnych
Austria
98%
Polska
98%
Japonia
97%
Kanada
97%
Turcja
96%
Dania
95%
Monako
95%
Szwajcaria
95%
Indonezja
94%
Gruzja
93%
Łotwa
93%
Katar
92%
Tunezja
87%
Peru
82%
Singapur
77%
Bahrajn
69%
Tonga
48%
Nie znaleziono quizów pasujących do podanych kryteriów
Rozkład punktacji
Procent ludzi z każdym wynikiem
Percentyl według liczby udzielonych odpowiedzi
Twoja historia wyników
Nie rozwiązałeś tego quizu